|
|
|
|
| LEADER |
00000nas a2200000 a 4500 |
| 001 |
ssj0012572 |
| 003 |
WaSeSS |
| 005 |
20200512172242.0 |
| 006 |
m d |
| 007 |
cr n |
| 008 |
021211c19319999enkfr pss 0 0eng c |
| 010 |
|
|
|a 2002227389
|
| 015 |
|
|
|a GBB404764
|2 bnb
|
| 016 |
7 |
|
|a 2050816-5
|2 DE-600
|
| 016 |
7 |
|
|a 012088702
|2 Uk
|
| 022 |
|
|
|a 1477-4550
|l 0017-3835
|y 0017-3835
|
| 035 |
|
|
|a (WaSeSS)ssj0012572
|
| 040 |
|
|
|a EYM
|b eng
|c EYM
|d OCLCQ
|d OCL
|d OCLCQ
|d OCLCS
|d ZCU
|d OCLCQ
|d OCLCF
|d OCLCO
|d OCLCQ
|d DEBBG
|d DEFHM
|d OCLCO
|d OCLCA
|d NLE
|d GILDS
|d OCLCO
|d KSU
|d UKMGB
|d OCLCA
|d VT2
|d NJT
|d OCLCA
|d SFB
|d WaSeSS
|
| 042 |
|
|
|a pcc
|
| 043 |
|
|
|a e-gr---
|a e------
|
| 050 |
1 |
4 |
|a DE1
|
| 130 |
0 |
|
|a Greece & Rome (Online)
|
| 245 |
1 |
0 |
|a Greece & Rome
|h [electronic resource].
|
| 246 |
3 |
|
|a Greece and Rome
|
| 260 |
|
|
|a Oxford :
|b Oxford University Press,
|c 1931-
|
| 310 |
|
|
|a Semiannual,
|b 1956-
|
| 321 |
|
|
|a Three no. a year,
|b 1931-1955
|
| 362 |
0 |
|
|a Vol. 1, no. 1 (Oct. 1931)-v. 22, no. 66 (Oct. 1953) ; 2nd ser., v. 1, no. 1 (Feb. 1954)-
|
| 500 |
|
|
|a Title from title screen (viewed Dec. 12, 2002).
|
| 500 |
|
|
|a Vol. 1 (1931)--v. 22 (1953) are digital versions of the reprint ed. published: New York : Johnson Reprint Corp., 1965. 2nd ser., v. 1 (1954)-v. 13 (1966) are digital versions of the reprint ed. published: Germantown, N.Y. : Periodicals Service Co., 2001.
|
| 500 |
|
|
|a Published: Cambridge : Cambridge University Press, 2006-
|
| 506 |
|
|
|a License restrictions may limit access.
|
| 515 |
|
|
|a Some issues combined.
|
| 538 |
|
|
|a Mode of access: World Wide Web.
|
| 550 |
|
|
|a Published for the Classical Association.
|
| 588 |
|
|
|a Latest issue consulted: Vol. 53, issue 01 (Apr. 2006) (Cambridge, viewed Aug. 25, 2006).
|
| 650 |
|
0 |
|a Classical antiquities
|v Periodicals.
|
| 650 |
|
0 |
|a Classical philology
|v Periodicals.
|
| 650 |
|
0 |
|a Greek literature
|v Periodicals.
|
| 650 |
|
0 |
|a Latin literature
|v Periodicals.
|
| 650 |
|
7 |
|a Classical antiquities.
|2 fast
|0 (OCoLC)fst00863445
|
| 650 |
|
7 |
|a Classical philology.
|2 fast
|0 (OCoLC)fst00863532
|
| 650 |
|
7 |
|a Greek literature.
|2 fast
|0 (OCoLC)fst00947441
|
| 650 |
|
7 |
|a Latin literature.
|2 fast
|0 (OCoLC)fst00993331
|
| 651 |
|
0 |
|a Greece
|v Periodicals.
|
| 651 |
|
0 |
|a Rome
|v Periodicals.
|
| 651 |
|
7 |
|a Greece.
|2 fast
|0 (OCoLC)fst01208380
|
| 651 |
|
7 |
|a Rome (Empire)
|2 fast
|0 (OCoLC)fst01204885
|
| 651 |
|
7 |
|a Römisches Reich
|2 gnd
|
| 651 |
|
7 |
|a Griechenland
|g Altertum
|2 gnd
|
| 655 |
|
0 |
|a Electronic journals.
|
| 710 |
2 |
|
|a Classical Association (Great Britain)
|
| 776 |
1 |
|
|t Greece & Rome
|x 0017-3835
|w (DLC) 34030109
|w (OCoLC)1751570
|
| 856 |
4 |
0 |
|z Full text available from Research Library: 04/01/2001 to 1 year ago
|u https://search.proquest.com/publication/40707
|